| 000 | 00316nam a2200133 a 4500 | ||
|---|---|---|---|
| 001 | 5502 | ||
| 003 | CDMR | ||
| 005 | 20130116135309.0 | ||
| 008 | 130130s1990||||||||||||||||||||||||||||d | ||
| 040 |
_aCDMR _bcat _cCDMR |
||
| 245 | 0 | _aRapport sur la communication dans le monde | |
| 260 |
_aParis _c1990 _bUNESCO |
||
| 942 | _cMON | ||
| 999 |
_c5502 _d5502 |
||